000 00214nam a2200097Ia 4500
008 180219s9999 xx 000 0 und d
100 _aGupta R B
245 0 _aCivil Engineering Drawing Part 1
260 _c2013
300 _a0
942 _e12th
999 _c43569
_d43569